000 00341pab a2200145 454500
008 180718b1987 xxu||||| |||| 00| 0 eng d
100 _aJayawardena, Lal
245 _aA plan for resource transfer
260 _c1987
300 _a143-5
362 _a10 Oct.
650 _aJapan - Economic Policy
773 _aMainstream
909 _a11461
999 _c11461
_d11461